April 2017 Jeopardy Daily Doubles Quiz Stats

 Plays Quiz not verified by Sporcle

Also try: Shapes Blitz
Challenge
Share
Tweet
Embed
Score 0/57 Timer 20:00
0 Plays Today
Clue Who is or What is % Correct
Originally it meant coffee that came from Yemen; later, it came to mean coffee flavored with chocolateMocha
80%
Another term for a resumé is sometimes abbreviated this wayCV
74.7%
'Wait! Don't Move to' this country is the title of a book about liberal ideas 'to Win Back America'Canada
73.3%
This American woman is the subject of 'The French Chef in America'Julia Child
72%
In 1965 this baseball venue had female ushers dubbed 'Spacettes'Astrodome
65.3%
The epidermis covering the head, excluding the faceScalp
65.3%
Her forbes.com profile says it all: '$2.9 billion... producer, entrepreneur, personality, philanthropist'Oprah Winfrey
65.3%
The only Caribbean island nations that have a land border with another country are these 2Dominican Republic and Haiti
65.3%
'My fellow citizens: the world and we have passed the midway point of a century of continuing challenge'Dwight Eisenhower
64%
This term refers to Northerners who traveled to the South after the Civil War for political or financial gainCarpetbaggers
62.7%
Pliny the Younger noted that on the morning of August 24, 79 A.D., a cloud appeared over the summit of this mountainVesuvius
61.3%
The title woman is King David's great-grandmotherRuth
58.7%
Volunteer labor & donations support this charity whose vision is 'A world where everyone has a decent place to live'Habitat for Humanity
57.3%
This 1972 numerical clause was later renamed the Patsy T. Mink Equal Opportunity in Education ActTitle IX
57.3%
In 210 B.C. Emperor Shi Huangdi was buried with an honor guard, thousands of clay soldiers known as this 'army'Terracotta Army
57.3%
Jay McInerney, Tama Janowitz & other 1980s writers shared this nickname with a group of young 1980s actorsBrat Pack
56%
To keep this vegetable's head white, tie up the leaves around the developing curdCauliflower
54.7%
There are 3 owls on the seal of this Texas university founded in 1891Rice
54.7%
In a 1902 novel he wrote, 'They were the footprints of a gigantic hound!'Sir Arthur Conan Doyle
53.3%
In 1927 this photographer published his first portfolio, 'Parmelian Prints of the High Sierras'Ansel Adams
49.3%
In 1837 Britain's admiralty set up a committee to figure out how to ensure the accuracy of these aboard iron shipsCompasses
46.7%
A tipper was a specialized fletcher putting metal tips on theseArrows
46.7%
The Smithsonian's Natl. Museum of American History says more patents have been given to this device than any otherMousetrap
46.7%
The 2 capitals with the complete names of months within their namesJuneau and Augusta
45.3%
In Queenston, Ontario, at the 185-foot monument to Isaac Brock, who repelled a U.S. invasion during this warWar of 1812
42.7%
The Açu River is also called this river, the plural of a certain fish; I'll stay out, thanksPiranhas
42.7%
Let's take a test; once used to color beverages, this substance that determines acids & bases is extracted from lichensLitmus
41.3%
These 2 rivers have their sources within 75 miles of each other in eastern TurkeyTigris and Euphrates
41.3%
In 1933 Albert Einstein renounced his German citizenship & relocated to 2 Library Place in this U.S. cityPrinceton
40%
Clue Who is or What is % Correct
This European capital city is served by 3 main ports: Piraeus, Rafina & LavrionAthens
38.7%
Fugitives can run but they can't hide from this 190-member-nation organization founded in 1923Interpol
38.7%
Any article of clothing & the birthstone for JanuaryGarment & Garnet
37.3%
Let's make your heads spin: bottle, tubular & vacuum are types of thisCentrifuge
34.7%
When the U.S. captured this Pacific island, the Spanish Marines stationed there were unaware they were at warGuam
33.3%
Each year on Easter, Manhattan's Fifth Avenue is host to a festival honoring these head coveringsBonnets
32%
This breed's name tells us that it's the bearded dog from the Tibetan capitalLhasa Apso
30.7%
Nineveh was a huge city of this land which, if the first 2 letters were removed, would spell a current Mideast countryAssyria
29.3%
It makes sense that this Colorado city is found where the Gunnison & Colorado Rivers meetGrand Junction
28%
In 1967 this dancer was just 19 when he became a soloist at the Kirov Ballet of LeningradMikhail Baryshnikov
28%
This N.C. cape's lighthouse, the USA's tallest at 200 feet, was used as a lookout tower for German subs in WWIICape Hatteras
26.7%
Zeus placed Callisto in the night sky as one of these animals; her son Arcturus was her 'keeper' in the starsBear
26.7%
This 'Old' book that lists anniversaries along with crop facts turns 225 itself in 2017The Old Farmer's Almanac
26.7%
In 1873 Joseph Dixon purchased the American Graphite Company located in this New York townTiconderoga
25.3%
At its narrowest point, this Turkish strait between the Sea of Marmara & the Aegean Sea is only a mile wideDardanelles
24%
In 'Inferno' Dante called him 'my master... from whom alone I took the style whose beauty has done me honor'Virgil
24%
Japan's highest order is the order of this flowerChrysanthemum
22.7%
From the Greek & Latin for 'life' & 'turning', this word refers to the healthy mix of wildlife in a regionBiodiversity
18.7%
The Jules Rimet Cup was replaced by this trophy in 1974World Cup
17.3%
1894 to 1918: ____ II & ____Nicholas and Alexandra
16%
When this Anton Chekhov play debuted in St. Petersburg in 1896, it was a dismal failureThe Seagull
14.7%
This Windy City lawyer sets books like 'The Burden of Proof' in Kindle County, a stand-in for the Chicago areaScott Turow
14.7%
In 2012 the remains of Richard III were found in Leicester not far from this August 1485 battlefieldBosworth
13.3%
Season tenderloin, apply mushroom duxelles, wrap meat in puff pastry, then bakeHow do you Make Beef Wellington
13.3%
Desdemona: Murder by this methodSmothering
12%
In a Stowe novel he tells Uncle Tom, 'I'm your church now...you've got to be as I say'Simon Legree
12%
His determination in exploration got him the Congolese nickname Bula Matari, 'breaker of rocks'Henry Morgan Stanley
12%
An Italian word for 'strong' isn't arabica but this counterpartRobusta
8%

You're not logged in!

Compare scores with friends on all Sporcle quizzes.
OR
Log In

You Might Also Like...

Show Comments

Extras

Created May 8, 2017SourceReportNominateIcon Source: Alan Lin
Tags:2016, category, daily, December, double, jeopardy

Top Quizzes Today


Score Distribution

Your Account Isn't Verified!

In order to create a playlist on Sporcle, you need to verify the email address you used during registration. Go to your Sporcle Settings to finish the process.

Report this User

Report this user for behavior that violates our Community Guidelines.

Details: